Autism : (Record no. 94978)

MARC details
000 -LEADER
fixed length control field 00594nam a22001937a 4500
005 - DATE AND TIME OF LATEST TRANSACTION
control field 20150908104416.0
010 ## - LCCN (DPL NO)
LC control number ENG-113499
020 ## - INTERNATIONAL STANDARD BOOK NUMBER
Terms of availability 395.00
International Standard Book Number 9381384541
020 ## - INTERNATIONAL STANDARD BOOK NUMBER
Terms of availability 395.00
International Standard Book Number 9789381384541
035 ## - SYSTEM CONTROL NUMBER
System control number EN-97031
037 ## - SOURCE OF ACQUISITION
Source of stock number/acquisition DBAD/PUB
082 ## - DEWEY DECIMAL CLASSIFICATION NUMBER
Classification number 618.928982
100 ## - MAIN ENTRY--PERSONAL NAME
Personal name Bose, Sumita
245 ## - TITLE STATEMENT
Title Autism :
Statement of responsibility, etc by Sumita Bose
Remainder of title a handbook of diagnosis & treatment of ASD /
260 ## - PUBLICATION, DISTRIBUTION, ETC. (IMPRINT)
Place of publication, distribution, etc New Delhi
Name of publisher, distributor, etc V &S Publishers
Date of publication, distribution, etc 2015
270 ## - ADDRESS
Address F-216, Ansari Road, Daryaganj
City New Delhi
Postal code 110002
300 ## - PHYSICAL DESCRIPTION
Extent 158p. :
Dimensions 22cm(pbk)
Other physical details ill.
942 ## - ADDED ENTRY ELEMENTS (KOHA)
Source of classification or shelving scheme Dewey Decimal Classification
Item type English Books
Call number suffix BOS
Classification part 618.928982
Holdings
Withdrawn status Lost status Not for loan Collection code Home library Current library Date acquired Source of acquisition Cost, normal purchase price Full call number Barcode Copy number Cost, replacement price Koha item type
    Not For Loan Non-fiction D.B.Act.Division D.B.Act.Division 16/07/2015 DBAD/PUB 395.00 618.928982 BOS EN-97031 1 395.00 English Books

© Delhi Public Library
Hit Counter
free hit counter